000 00574nam a22001937a 4500
005 20251108164311.0
008 250721s1991 xx 000 0 ara d
082 1 4 _a355.3242/فيش
100 1 _aفيشمان، اليكس
245 1 0 _aعائلة الجواسيس /
264 1 _aعمان :
_bدار الصباح للصحافة والطباعة والنشر،
_c1991.
300 _a116ص
490 0 _aشبكات الموساد
650 1 7 _aالموساد
650 1 7 _aالجواسيس
700 1 _aمحنايمي، غوزي
942 _2ddc
_cBK
999 _c8732
_d8732